000 00486nam a22001697a 4500
999 _c62231
_d62231
005 20240905173556.0
008 240826c2003 enk||||| |||| 00| 0 eng d
022 _a0017 8322
041 _aeng
245 _aHastings Law Journal /
_cEditor E. K. Chauvet.
260 _aSan Francisco,
_c2003.
300 _aV.
653 _aსამართალი
653 _a პერიოდიკა
700 _aChauvet, E. K.
_eრედაქტორი
_923120
942 _2udc
_cCR